Actualización clínica (Record no. 20913)

MARC details
000 -LEADER
campo de control de longitud fija 00557nam a2200169 i 4500
001 - NÚMERO DE CONTROL
campo de control 20913
003 - IDENTIFICADOR DE NÚMERO DE CONTROL
campo de control ES-MaACL
005 - FECHA Y HORA DE LA ÚLTIMA TRANSACCIÓN
campo de control 20230906152403.0
007 - CAMPO FIJO DE DESCRIPCIÓN FÍSICA--INFORMACIÓN GENERAL
campo de control de longitud fija t|
008 - DATOS DE LONGITUD FIJA--INFORMACIÓN GENERAL
campo de control de longitud fija 021119s1983 sp ||||1| spa d
245 00 - MENCIÓN DEL TÍTULO
Título Actualización clínica
Resto del título : aparato respiratorio : [IV Jornada Médica Mapfre] /
Mención de responsabilidad, etc. coordinador: F. de la Gala Sánchez.
260 ## - PUBLICACIÓN, DISTRIBUCIÓN, ETC.
Lugar de publicación, distribución, etc. [Madrid] :
Nombre del editor, distribuidor, etc. Mapfre,
Fecha de publicación, distribución, etc. [1983]
300 ## - DESCRIPCIÓN FÍSICA
Extensión VIII, 718 p. ;
Dimensiones 21 cm.
700 1# - ENTRADA AGREGADA--NOMBRE PERSONAL
Nombre de persona Gala Sánchez, F. de la.
9 (RLIN) 53278
711 2# - ENTRADA AGREGADA--NOMBRE DE REUNIÓN
Nombre de congreso/reunión o jurisdicción como elemento de entrada Jornada Médica Mapfre (
Número del congreso/reunión o número de parte o sección 4º)
9 (RLIN) 772
852 ## - LOCALIZACIÓN
Ubicación ES-MaACL
Número de control de estantería L-4850
Sublocalización o colección R.105501
Holdings
Estatus retirado Estado de pérdida Estado de daño No para préstamo Biblioteca de origen Biblioteca actual Ubicación en estantería Fecha de adquisición Fuente de adquisición Total de préstamos Signatura topográfica completa Código de barras Visto por última vez Precio de reemplazo Tipo de ítem Koha
        Biblioteca del Ateneo de Madrid Biblioteca del Ateneo de Madrid Depósito 2 17/01/2008     L-4850 1021477 23/02/2023 23/02/2023 Libro impreso